Score 0/18 Timer 03:00
1 Play Today
Mixed Word Answer % Correct
ANMMan
99.8%
GAEAge
99.6%
ALCSSClass
98.3%
OWNTTown
98.3%
OCHOLSSchool
96.4%
HICLDChild
95.8%
AMNEName
94.2%
OIVCEVoice
93.1%
EGNSHLIEnglish
73.7%
Mixed Word Answer % Correct
ASTEEast
72.3%
DORUGNGround
63.2%
GINRFEFinger
61.8%
SEPASAGPassage
59.8%
ETHRAEarth
51.5%
SLINGIBSibling
47.3%
Common Bond:Middle
16.7%
ITIALNIInitial
16.2%
GEMATMENNAManagement
15.5%

You're not logged in!

Compare scores with friends on all Sporcle quizzes.
OR
Log In

Sporcle TV

Today on Sporcle TV


Watch our educational content, quiz creation guides, and fun videos on Sporcle TV.

Show Comments

Extras

Top Quizzes Today


Score Distribution

Your Account Isn't Verified!

In order to create a playlist on Sporcle, you need to verify the email address you used during registration. Go to your Sporcle Settings to finish the process.

Report this User

Report this user for behavior that violates our Community Guidelines.

Details: